Six action shoes

Bibliographic Details
Main Author: De Bono, Edward (Author)
Format: Book
Language:English
Published: London : HarperCollins Business 1994
Subjects:

MARC

LEADER 00000cam a2200000 7i4500
001 0000008341
005 20241003.0
008 010123 enka eng
020 |a 0006379540 
040 |a INS   |b eng   |e rda 
090 0 0 |a HD31   |b .D4213 1994 
100 1 |a De Bono, Edward ,   |e author 
245 1 0 |a Six action shoes   |c Edward De Bono 
264 1 |a London :   |b HarperCollins Business   |c 1994 
300 |a x, 174 pages :   |b illustrations ;   |c 20 cm. 
336 |a text  |2 rdacontent 
337 |a unmediated  |2 rdamedia 
338 |a volume  |2 rdacarrier 
650 0 |a Management 
999 |a 0000007979   |b BOOK   |c Open Shelf   |e Default branch 
999 |a 0000008640   |b BOOK   |c Open Shelf   |e Default branch 
999 |a 0000023232   |b BOOK   |c Open Shelf   |e Default branch